Suche zagadki - Statystyki

Ogólne statystyki
  • Ten quiz został rozwiązany 60 razy
    13 od ostatniego zresetowania
  • Średni wynik to 3 z 19
Statystyki odpowiedzi
Pytanie Odpowiedź % Poprawnych
Jak się nazywa mucha bez ucha? M
100%
Jak się nazywa foka bez oka? F
89%
Jak się nazywa pszczoła bez czoła? Psz
78%
Jakie zwierzę najczęściej występuje w e-mailach? Małpa
33%
Jak się nazywa koń w pociągu? Końduktor
22%
Co robi 9,90 w portfelu? Ledwo dycha
22%
Jaki jest ulubiony ruch onanisty w szachach? Bicie konia
0%
Jakie są ulubione spodnie Quasimodo? Dzwony
0%
Jak się nazywa koń w kościele? Końfesjonał
0%
Jak się nazywa koń żyjący z klaczą bez małżeństwa? Końkubent
0%
Jak się nazywa koń poniesiony za wykonanie jakiejś czynności? Końsekwencja
0%
Końskie miasto nad cieśniną Bosfor? Koństantynopol
0%
Jak się nazywa koń w orkiestrze? Końtrabas
0%
Jak się nazywa koń robiący interesy z innym koniem? Końtrahent
0%
Jak się nazywa koń rywalizujący z innym koniem w wyborach? Końtrkandydat
0%
Co robi banknot 10zł w portfelu? Mieszko
0%
Jakie są ulubione spodnie hydraulika? Rurki
0%
Co łączy pookój dziecięcy z Boleslawem Chrobrym? W obu przypadkach dziecko Mieszka
0%
Jakie są ulubione ciastka Putina? Z Krymem
0%
Nie znaleziono quizów pasujących do podanych kryteriów
Rozkład punktacji
Procent ludzi z każdym wynikiem
Percentyl według liczby udzielonych odpowiedzi
Twoja historia wyników
Nie rozwiązałeś tego quizu od ostatniego zresetowania